Video Games by Year: 2016 - Statistics

General Stats
  • This quiz has been taken 172 times
  • The average score is 8 of 15
Answer Stats
Picture Answer % Correct
Overwatch
84%
Battlefield 1
80%
Dark Souls III
75%
Uncharted 4: A Thief's End
75%
Superhot
67%
Doom
66%
Persona 5
66%
Final Fantasy XV
63%
Mirror's Edge Catalyst
53%
Gears of War 4
52%
Tom Clancy's The Division
35%
Dishonored 2
34%
Darkest Dungeon
28%
Quantum Break
21%
XCOM 2
7%
No matching quizzes found
Score Distribution
Percent of People with Each Score
Percentile by Number Answered
Your Score History
You have not taken this quiz